000 00624nam a2200193Ia 4500
008 151119s9999||||xx |||||||||||||| ||und||
082 _a137.7
082 _bGKKV11807
100 _aघाणेकर मधुसूदन
245 _aहस्ताक्षराचे अंतरंग
260 _a--
260 _b--
260 _c0
600 _aघाणेकर मधुसूदन
630 _aहस्ताक्षराचे अंतरंग
700 _aघाणेकर मधुसूदन
730 _aहस्ताक्षराचे अंतरंग
942 _cBOOK
999 _c1065744
_d1065741